Sports Quiz

Random Sports or Country Quiz

Euro 2012 Ever-Present Quiz Stats

 Plays Quiz not verified by Sporcle

Challenge
Share
Tweet
Embed
Score 0/157 Timer 15:00
0 Plays Today
Country Player % Correct
CroatiaLuka Modrić
88.2%
EnglandAshley Cole
88.2%
EnglandJoe Hart
88.2%
EnglandSteven Gerrard
85.3%
GermanyMiroslav Klose
85.3%
NetherlandsRobin van Persie
85.3%
PortugalCristiano Ronaldo
85.3%
EnglandJohn Terry
82.4%
GermanyManuel Neuer
82.4%
ItalyGianluigi Buffon
82.4%
NetherlandsArjen Robben
82.4%
EnglandDanny Welbeck
79.4%
GermanyMario Gomez
79.4%
GermanyMesut Özil
79.4%
ItalyAndrea Pirlo
79.4%
Republic of IrelandRobbie Keane
79.4%
SpainIker Casillas
79.4%
SpainXavi Hernández
79.4%
SpainAndrés Iniesta
79.4%
GermanySami Khedira
76.5%
GermanyPhilipp Lahm
76.5%
GermanyBastian Schweinsteiger
76.5%
ItalyMario Balotelli
76.5%
SpainGerard Piqué
76.5%
SpainSergio Ramos
76.5%
SpainDavid Silva
76.5%
Czech RepublicPetr Čech
73.5%
DenmarkNicklas Bendtner
73.5%
EnglandTheo Walcott
73.5%
GermanyThomas Müller
73.5%
Republic of IrelandShay Given
73.5%
EnglandGlen Johnson
70.6%
EnglandJames Milner
70.6%
GermanyHolger Badstuber
70.6%
GermanyMats Hummels
70.6%
NetherlandsKlaas-Jan Huntelaar
70.6%
NetherlandsWesley Sneijder
70.6%
NetherlandsRafael van der Vaart
70.6%
PolandRobert Lewandowski
70.6%
PortugalPepe
70.6%
SpainCesc Fàbregas
70.6%
SwedenZlatan Ibrahimović
70.6%
EnglandAshley Young
67.6%
FranceHugo Lloris
67.6%
NetherlandsNigel de Jong
67.6%
PortugalNani
67.6%
SpainXabi Alonso
67.6%
SpainSergio Busquets
67.6%
UkraineAndriy Shevchenko
67.6%
CroatiaMario Mandžukić
64.7%
EnglandJoleon Lescott
64.7%
FranceKarim Benzema
64.7%
GreeceGiorgos Samaras
64.7%
Country Player % Correct
ItalyAntonio Cassano
64.7%
ItalyDaniele De Rossi
64.7%
SpainJordi Alba
64.7%
CroatiaStipe Pletikosa
61.8%
EnglandScott Parker
61.8%
PortugalJoão Moutinho
61.8%
Republic of IrelandSean St Ledger
61.8%
RussiaAndrey Arshavin
61.8%
CroatiaDarijo Srna
58.8%
FranceSamir Nasri
58.8%
FranceFranck Ribéry
58.8%
NetherlandsMaarten Stekelenburg
58.8%
PortugalRui Patricio
58.8%
RussiaAlan Dzagoev
58.8%
SpainÁlvaro Arbeloa
58.8%
CroatiaNikica Jelavić
55.9%
DenmarkChristian Eriksen
55.9%
PortugalBruno Alves
55.9%
SwedenOlof Mellberg
55.9%
Czech RepublicMilan Baroš
52.9%
Czech RepublicVáclav Pilař
52.9%
DenmarkDaniel Agger
52.9%
FranceAdil Rami
52.9%
NetherlandsGregory van der Wiel
52.9%
NetherlandsJetro Willems
52.9%
PortugalFábio Coentrão
52.9%
PortugalRaul Meireles
52.9%
CroatiaVedran Ćorluka
50%
Czech RepublicTheodor Gebre Selassie
50%
DenmarkMichael Krohn-Dehli
50%
GreeceFanis Gekas
50%
ItalyClaudio Marchisio
50%
NetherlandsIbrahim Afellay
50%
Republic of IrelandRichard Dunne
50%
SwedenAndreas Isaksson
50%
DenmarkSimon Poulsen
47.1%
GreeceDimitris Salpingidis
47.1%
Republic of IrelandDamien Duff
47.1%
Republic of IrelandJohn O'Shea
47.1%
RussiaVyacheslav Malafeev
47.1%
RussiaYuri Zhirkov
47.1%
SwedenSebastian Larsson
47.1%
CroatiaIvan Rakitić
44.1%
Czech RepublicPetr Jiráček
44.1%
DenmarkStephan Andersen
44.1%
PortugalMiguel Veloso
44.1%
Republic of IrelandGlenn Whelan
44.1%
RussiaRoman Shirokov
44.1%
RussiaAleksandr Kerzhakov
44.1%
RussiaRoman Pavlyuchenko
44.1%
DenmarkSimon Kjær
41.2%
FranceMathieu Debuchy
41.2%
ItalyLeonardo Bonucci
41.2%
Country Player % Correct
PolandJakub Błaszczykowski
41.2%
PortugalJoão Pereira
41.2%
Republic of IrelandKeith Andrews
41.2%
Czech RepublicMichal Kadlec
38.2%
GreeceKostas Katsouranis
38.2%
GreeceKyriakos Papadopoulos
38.2%
PolandŁukasz Piszczek
38.2%
Republic of IrelandAiden McGeady
38.2%
RussiaAleksandr Anyukov
38.2%
DenmarkLars Jacobsen
35.3%
PolandPrzemysław Tytoń
35.3%
Republic of IrelandJon Walters
35.3%
SwedenKim Källström
35.3%
SwedenMartin Olsson
35.3%
CroatiaEduardo
32.4%
CroatiaIvan Perišić
32.4%
CroatiaGordon Schildenfeld
32.4%
Republic of IrelandSimon Cox
32.4%
Republic of IrelandStephen Ward
32.4%
RussiaAleksei Berezutski
32.4%
RussiaSergei Ignashevich
32.4%
UkraineAndriy Yarmolenko
32.4%
Czech RepublicJaroslav Plašil
29.4%
CroatiaOgnjen Vukojević
26.5%
PolandDamien Perquis
26.5%
RussiaIgor Denisov
26.5%
SwedenAnders Svensson
26.5%
SwedenChristian Wilhelmsson
26.5%
UkraineAndriy Pyatov
26.5%
Czech RepublicTomáš Sivok
23.5%
DenmarkWilliam Kvist
23.5%
GreeceVasilis Torosidis
23.5%
PolandLudovic Obraniak
23.5%
PolandEugen Polanski
23.5%
SwedenAndreas Granqvist
23.5%
CroatiaIvan Strinić
20.6%
PolandSebastian Boenisch
20.6%
Czech RepublicTomáš Hübschman
17.6%
UkraineOleh Gusev
17.6%
UkraineAnatoliy Tymoshchuk
17.6%
PolandRafał Murawski
14.7%
PolandMarcin Wasilewski
14.7%
UkraineYevhen Konoplyanka
14.7%
DenmarkNiki Zimling
11.8%
GreeceGiannis Maniatis
11.8%
UkraineSerhiy Nazarenko
11.8%
DenmarkTobias Mikkelsen
8.8%
UkraineMarko Dević
8.8%
UkraineYevhen Khacheridi
8.8%
UkraineArtem Milevskiy
8.8%
UkraineYevhen Selin
8.8%

You're not logged in!

Compare scores with friends on all Sporcle quizzes.
OR
Log In

You Might Also Like...

Show Comments

Extras

Top Quizzes Today


Score Distribution

Your Account Isn't Verified!

In order to create a playlist on Sporcle, you need to verify the email address you used during registration. Go to your Sporcle Settings to finish the process.

Report this User

Report this user for behavior that violates our Community Guidelines.

Details: